000 00647nam a2200241 a 4500
001 81036
003 BD-RjUL
005 20230110112827.0
008 230110s2021 bg ||||| |||| 00| 0 eng d
020 _a9789840760664
035 _a(BD-RjUL)81036
040 _aBD-RjUL
_beng
_cBD-RjUL
041 _aeng
082 _223
_a951
_bRAN 2021
100 _aRahman, Mujibur
_96488
245 _aNew China 1952 /
_cSheikh Mujibur Rahman
260 _aDhaka :
_bBangla Academy,
_c2021
300 _a244 p.:
_bill.;
_c24 cm.
650 _aChina
650 _aChina Description and travel
_96489
650 _aChina
_xHistory
_96490
942 _2ddc
_cBK
999 _c81036
_d81036